00731 2200265 4500001002100000005001700021008004100038035002400079040001200103082001000115090001700125100001900142245006600161250001100227260003100238300003100269500003400300650002300334650003100357700001400388850001200402990001800414990001800432990001500450YOGYA-0209000000514720090227020800.0 ind  0010-020900000005147 aYOPDYOG a155.2 a155.2bLau T aLAUSTER, Peter aTes kepribadiancPeter Lauster ; diterjemahkan oleh D.H. Gulo aCet. 9 aJakartabBumi Aksarac1994 aviii, 109 hlmbilusc21 cm aJudul asli : Personality test aKepribadian sosial aKepribadian - Aspek sosial aGulo, D.H aYOPDYOG a83225-P/96b1 a83226-P/96b1 a83226-P/96